|
|
|
|
| LEADER |
01733nam a2200445 a 4500 |
| 001 |
EBC1679763 |
| 003 |
MiAaPQ |
| 005 |
20200520144314.0 |
| 006 |
m o d | |
| 007 |
cr cn||||||||| |
| 008 |
100428s2010 njua sb 001 0 eng d |
| 010 |
|
|
|z 2010278869
|
| 020 |
|
|
|z 9789814271387 (hbk.)
|
| 020 |
|
|
|z 9814271381 (hbk.)
|
| 020 |
|
|
|a 9789814271394 (electronic bk.)
|
| 035 |
|
|
|a (MiAaPQ)EBC1679763
|
| 035 |
|
|
|a (Au-PeEL)EBL1679763
|
| 035 |
|
|
|a (CaPaEBR)ebr10422658
|
| 035 |
|
|
|a (CaONFJC)MIL275792
|
| 035 |
|
|
|a (OCoLC)729020063
|
| 040 |
|
|
|a MiAaPQ
|c MiAaPQ
|d MiAaPQ
|
| 043 |
|
|
|a a------
|
| 050 |
|
4 |
|a HF2360.5.A1
|b F74 2010
|
| 082 |
0 |
4 |
|a 382.915
|2 22
|
| 245 |
0 |
0 |
|a Free trade agreements in the Asia Pacific
|h [electronic resource] /
|c edited by Christopher Findlay, Shujiro Urata.
|
| 260 |
|
|
|a Hackensack, N.J. :
|b World Scientific,
|c c2010.
|
| 300 |
|
|
|a xxvi, 305 p. :
|b ill.
|
| 490 |
1 |
|
|a World Scientific studies in international economics,
|x 1793-3641 ;
|v v. 11
|
| 504 |
|
|
|a Includes bibliographical references and index.
|
| 533 |
|
|
|a Electronic reproduction. Ann Arbor, MI : ProQuest, 2015. Available via World Wide Web. Access may be limited to ProQuest affiliated libraries.
|
| 650 |
|
0 |
|a Free trade
|z East Asia.
|
| 650 |
|
0 |
|a Free trade
|z Pacific Area.
|
| 651 |
|
0 |
|a East Asia
|v Commercial treaties.
|
| 651 |
|
0 |
|a Pacific Area
|v Commercial treaties.
|
| 655 |
|
4 |
|a Electronic books.
|
| 700 |
1 |
|
|a Findlay, Christopher C.
|q (Christopher Charles)
|
| 700 |
1 |
|
|a Urata, Shujiro,
|d 1950-
|
| 710 |
2 |
|
|a ProQuest (Firm)
|
| 830 |
|
0 |
|a World Scientific studies in international economics ;
|v v. 11.
|
| 856 |
4 |
0 |
|u https://ebookcentral.proquest.com/lib/matrademy/detail.action?docID=1679763
|z Click to View
|